000 00723nam a2200229 i 4500
001 71143
003 ES-MaACL
005 20250818131136.0
007 t|
008 040805s1972 sp f |||| | spa d
080 _a355.48(460.27 M.)"1936"
100 1 _aGaule, Jacques de.
_956003
245 1 3 _aLa batalla de Madrid
_b: 1936-1937 /
_cJacques de Gaule.
260 _aMadrid :
_bCírculo de Amigos de la Historia,
_c[1972]
300 _a2 v. :
_b26 lám. ;
_c18 cm.
490 1 _aLas horas decisivas de la guerra civil
650 _aBatalla de Madrid, 1936.
_9171690
700 2 _a
_9241851
830 0 _aLas horas decisivas de la guerra civil
_9183330
852 _aES-MaACL
_jC-54438-39
999 _c71143
_d71143